000 00312nam a2200133Ia 4500
008 240624s9999 xx 000 0 und d
041 _aeng
082 _a823 SET
100 _aSETH VIKRAM
245 _aRIVERED EARTH
260 _c2011
_aNew Delhi
_bHamish Hamilton
300 _a103p. ; 23cm.
365 _cRS
_b25
999 _c19984
_d19984